Sports Quiz

Random Sports or MLB Quiz

L.A. Dodgers leaders for Total Bases since 1975 Quiz Stats

Quiz not verified by Sporcle

Also try: Goal of the Season
Challenge
Share
Tweet
Embed
Score 0/41 Timer 05:00
0 Plays Today
Year Player % Correct
2011Matt Kemp
99%
2010Matt Kemp
99%
2008Matt Kemp
99%
2015Adrian Gonzalez
96.3%
1997Mike Piazza
94.5%
1993Mike Piazza
94.5%
1980Steve Garvey
92.5%
1979Steve Garvey
92.5%
1978Steve Garvey
92.5%
1977Steve Garvey
92.5%
1976Steve Garvey
92.5%
1975Steve Garvey
92.5%
2012Andre Ethier
90%
2009Andre Ethier
90%
2014Adrian Gonzalez
89%
2013Adrian Gonzalez
89%
1999Eric Karros
88%
1995Eric Karros
88%
1992Eric Karros
88%
1988Kirk Gibson
82%
1987Pedro Guerrero
82%
Year Player % Correct
1985Pedro Guerrero
82%
1984Pedro Guerrero
82%
1983Pedro Guerrero
82%
1982Pedro Guerrero
82%
2003Shawn Green
81.5%
2002Shawn Green
81.5%
2001Shawn Green
81.5%
2004Adrian Beltre
80%
1998Raul Mondesi
78.5%
1996Raul Mondesi
78.5%
1994Raul Mondesi
78.5%
1986Steve Sax
75%
1981Dusty Baker
59%
2000Gary Sheffield
58.5%
1990Eddie Murray
54%
1989Eddie Murray
54%
2007Russell Martin
52%
2005Jeff Kent
50.5%
1991Darryl Strawberry
48.5%
2006Rafael Furcal
27.5%

You're not logged in!

Compare scores with friends on all Sporcle quizzes.
Sign Up with Email
OR
Log In

You Might Also Like...

Show Comments

Extras

Top Quizzes Today


Score Distribution

Your Account Isn't Verified!

In order to create a playlist on Sporcle, you need to verify the email address you used during registration. Go to your Sporcle Settings to finish the process.

Report this User

Report this user for behavior that violates our Community Guidelines.

Details: